000 00948nam a2200289 i 4500
003 EG-GICUC
005 20260416121646.0
008 260416s1948 -uk|||fr|||| 001 0 eng dd
040 _a EG-GICUC
_beng
_c EG-GICUC
_d EG-GICUC
_erda
041 0 _aeng
082 0 4 _221
_a341.6
_bME . B
092 0 4 _221
099 _aLaw1 11 341.6 ME . B 1948
100 1 _aMeyer, F. V
_eAuthor.
245 1 0 _aBritain's Colonies In World Trade /
_cBy F. V. Meyer, Ph.d., B.sc.(Econ.).
264 3 _aLondon :
_bOxford University Press,
_c1948.
300 _a281 pages :
_billustrations,
_c24 سم
336 _2rda content
_atext
337 _2rda media
_aComputer
338 _2rda carrier
_aOnline Resource
504 _aIncludes bibliographical references and index.
546 _aText in English
650 1 4 _2Public international law
856 4 0 _uhttps://fll.law.cu.edu.eg/fulltext/bks/B11-07591.pdf
905 _a48
942 _2ddc
_cBK
_e21
_n0
999 _c71404
_d71404